000 02327 a2200241 4500
001 46651
005 20260407155736.0
008 260407a1979 arg spa d
003 AR-UNSa-BCEJYS
040 _aAR-UNSa-BCEJYS
_bspa
_cAR-UNSa-BCEJYS
080 _a658.115
_xEmpresas públicas, estatales y nacionalizadas (Economía)
245 1 0 _aAdministración de empresas públicas
020 _a958-18-1155-0
264 1 _aMéxico :
_bLimusa
_c1979
300 _a674 p.
_c23 cm.
505 _aVOL. I : 1. los recursos humanos en la empresa pública / Diego Barañano – 2. La empresa pública : un análisis administrativos / Getulio P. Carvalho – 3. Teoría de sistemas aplicada a empresas públicas / Caio Marcio Marini Ferreira y Jorge Luiz de Barros Nóbrega – 4. La divisionalizacion como instrumento de descentralización / Armando Bergamini de Abreu – 5. Administración por objetivos en las empresas públicas / Christian Stephan – 6. La toma de decisiones en el sistema público : problemas principales y una introducción a la utilización de las técnicas de análisis de criterios múltiples / Christian Stephan y Paul F. Simas P. de Abreu – 7. Administración de materiales para empresas de servicios públicos – un enfoque sistemático / Gilson Luis Leal de Meireles – 8. Contabilidad gerencial en las empresas públicas / Claudio de Villemor Salgado – 9. Una revisión teórica del problema de la determinación de los precios en el sector de los servicios públicos / José Ferrer Vallés – 10. Formación de precios y equilibrio económico – factores determinantes del precio. Primera sección – 11. Factores determinantes del precio. Segunda sección – 12. Acumulación de capital y desarrollo económico. Primera sección – 13. Tarifas de energía eléctrica / José Carlos Forseto – 14. Modelo de simulación económico – financiera de la compañía paulista de fuerza y luz / Nelson Burgierman – 15. Estudios de casos en administración de empresas públicas – 16. Ejercicios sobre administración de empresas públicas.
041 _aspa
942 _cBK
590 _aniveau_biblio:m niveau_hierar:0
100 1 _aEscuela Interamericana de Administración Pública
700 1 _aBanco Interamericano de Desarrollo (BID)
700 1 _aFundación Getulio Vargas
999 _c4220
_d4220